00245nam a22000977a 4500082001200000100002200012245005600034260003600090300000800126650001300134 a230 ROB aRobinson, William aWhither Theology?: Some essential Biblical patterns aLondonbThe Trinity Pressc1947 a144 aTheology